Teaching for better learning: a guide for teachers of primary health care staff. (2nd ed.) (Record no. 32845)

MARC details
000 -LEADER
fixed length control field 00851nam a2200205 a 4500
008 - FIXED-LENGTH DATA ELEMENTS--GENERAL INFORMATION
fixed length control field 120725s1992 ||||||||||||||||| || u
010 ## - LIBRARY OF CONGRESS CONTROL NUMBER
LC control number 93118142
020 ## - INTERNATIONAL STANDARD BOOK NUMBER
International Standard Book Number 9241544422
050 ## - LIBRARY OF CONGRESS CALL NUMBER
Classification number RA 427.9 Abb (BOX 110)
100 ## - MAIN ENTRY--PERSONAL NAME
Personal name Abbatt, F. R
245 10 - TITLE STATEMENT
Title Teaching for better learning: a guide for teachers of primary health care staff. (2nd ed.)
Statement of responsibility, etc. by F. R. Abbatt
250 ## - EDITION STATEMENT
Edition statement 2nd ed.
260 ## - PUBLICATION, DISTRIBUTION, ETC.
Place of publication, distribution, etc. Geneva
Name of publisher, distributor, etc. World Health Organization (WHO)
Date of publication, distribution, etc. 1992
300 ## - PHYSICAL DESCRIPTION
Extent vii, 190p.: ill.
500 ## - GENERAL NOTE
General note Blue Trunk Library Collection (WHO).
650 #0 - SUBJECT ADDED ENTRY--TOPICAL TERM
Topical term or geographic name entry element PRIMARY HEALTH CARE--STUDY AND TEACHING
650 #0 - SUBJECT ADDED ENTRY--TOPICAL TERM
Topical term or geographic name entry element ALLIED HEALTH PERSONNEL--TRAINING OF
995 ## -
-- MEDICAL LIBRARY OPEN ACCESS
-- 743058
-- CBU-SCHOOL OF MEDICINE LIBRARY (Ndola)
-- BTL RA 427.9 Abb (BOX 110)
-- 1
-- AVAILABLE
-- Jul 25, 2012
-- 743058
-- Medical Library Open Access Collection
999 ## -
-- 32845
-- 32845
Holdings
Withdrawn status Lost status Source of classification or shelving scheme Damaged status Not for loan Permanent Location Current Location Shelving location Date acquired Total Checkouts Full call number Barcode Date last seen Price effective from Koha item type
          CBU-SCHOOL OF MEDICINE LIBRARY, NDOLA. CBU-SCHOOL OF MEDICINE LIBRARY, NDOLA.   11/30/2022   RA 427.9 Abb (BOX 110) 743058 11/30/2022 11/30/2022 MONOGRAPH